Tìm hiểu tình hình phát triển khu kinh tế cửa khẩu Cầu Treo tỉnh Hà Tĩnh

Nghiên cứu sự hình thành và tình hình phát triển của khu kinh tế cửa khẩu Cầu Treo, và thấy được vai trò của nó đối với tỉnh Hà Tĩnh. Qua đó có những đề xuất đối với sự phát triển của khu kinh tế cửa khẩu Cầu Treo.

Wedi'i Gadw mewn:
Manylion Llyfryddiaeth
Prif Awdur: Trần Đức Hiển
Awduron Eraill: Hoàng Thị Diệu Huyền (Hướng dẫn)
Fformat: Llyfr
Iaith:Vietnamese
Cyhoeddwyd: Đà Nẵng Đại học Sư phạm, Đại học Đà Nẵng 2013
Pynciau:
Tagiau: Ychwanegu Tag
Dim Tagiau, Byddwch y cyntaf i dagio'r cofnod hwn!
Thư viện lưu trữ: Mạng thư viện Đại học Đà Nẵng
LEADER 01814nam a2200361 4500
001 000018842
003 15277
005 20140115100121.0
008 140110s2013 viesd
041 |a vie 
082 1 4 |a 910.13389  |b TR-H 
100 1 |a Trần Đức Hiển 
245 1 0 |a Tìm hiểu tình hình phát triển khu kinh tế cửa khẩu Cầu Treo tỉnh Hà Tĩnh  |c Trần Đức Hiển ; Hoàng Thị Diệu Huyền hướng dẫn  |k Khóa luận tốt nghiệp 
260 |a Đà Nẵng  |b Đại học Sư phạm, Đại học Đà Nẵng  |c 2013 
300 |a 66 tr.  |b Hình mh.  |c 29 cm. 
500 |a Khóa luận tốt nghiệp đại học. Chuyên ngành: Sư phạm Địa lý 
520 |a Nghiên cứu sự hình thành và tình hình phát triển của khu kinh tế cửa khẩu Cầu Treo, và thấy được vai trò của nó đối với tỉnh Hà Tĩnh. Qua đó có những đề xuất đối với sự phát triển của khu kinh tế cửa khẩu Cầu Treo. 
650 0 4 |a Địa lí kinh tế  |v Khóa luận tốt nghiệp  |x Nghiên cứu  |z Hà Tĩnh (Cửa khẩu Cầu Treo) 
653 |a Khoa Địa lý 
653 |a Địa lí kinh tế 
653 |a Khu kinh tế Cửa khẩu Cầu Treo 
653 |a Kinh tế phát triển 
700 1 |a Hoàng Thị Diệu Huyền  |e Hướng dẫn 
OWN |a LSP 
AVA |a UDN50  |b LSP  |d 910.13389 TR-H  |e available  |t Error 5001 Not defined in file expand_doc_bib_avail.  |f 1  |g 0  |h N  |i 0  |k 1 
999 |a From the UDN01 
AVA |a UDN50  |b LSP  |d 910.13389 TR-H  |e available  |t Error 5001 Not defined in file expand_doc_bib_avail.  |f 1  |g 0  |h N  |i 0  |k 1 
TYP |a Monograph 
TYP |a Printed language 
980 |a Mạng thư viện Đại học Đà Nẵng